Principles of genetics (Registro nro. 309744)

Detalles MARC
000 -ENCABEZADO
Número de control [NR] 01720cam a2200397 i 4500
001 - NÚMERO DE CONTROL
control field ocn912508161
005 - FECHA Y HORA DE LA ÚLTIMA TRANSACCIÓN
control field 20190826082515.0
006 - DE LONGITUD FIJA DE DATOS ELEMENTOS - CARACTERÍSTICAS ADICIONALES DEL MATERIAL - INFORMACIÓN GENERAL
fixed length control field m o d
007 - CAMPO DESCRIPCIÓN FÍSICA FIJA - INFORMACIÓN GENERAL
fixed length control field cr |||||||||||
008 - DE LONGITUD FIJA DE DATOS DE ELEMENTOS - INFORMACIÓN GENERAL
Elementos de longitud fija [NR] 180625s2016 njua r 001 0 eng d
010 ## - NUMERO DE CONTROL DE LA BIBLIOTECA DEL CONGRESO (LC) [NR]
Número de control LC [NR] 2015025786
020 ## - NUMERO INTERNACIONAL NORMALIZADO PARA LIBROS [R]
ISBN Cancelado/ Invalidado [R] 9781119142362
020 ## - NUMERO INTERNACIONAL NORMALIZADO PARA LIBROS [R]
Número Internacional Normalizado del libro [NR] 9781119232605
020 ## - NUMERO INTERNACIONAL NORMALIZADO PARA LIBROS [R]
ISBN Cancelado/ Invalidado [R] 1119142369
020 ## - NUMERO INTERNACIONAL NORMALIZADO PARA LIBROS [R]
ISBN Cancelado/ Invalidado [R] 9781119142270
020 ## - NUMERO INTERNACIONAL NORMALIZADO PARA LIBROS [R]
ISBN Cancelado/ Invalidado [R] 111914227X
020 ## - NUMERO INTERNACIONAL NORMALIZADO PARA LIBROS [R]
Número Internacional Normalizado del libro [NR] 9781119142287
020 ## - NUMERO INTERNACIONAL NORMALIZADO PARA LIBROS [R]
ISBN Cancelado/ Invalidado [R] 9781118875896
035 ## - NUMERO DE CONTROL DEL SISTEMA [R]
Número de control del sistema [NR] (OCoLC)912508161
040 ## - FUENTE DE CATALOGACION [NR]
Agencia de catalogación original [NR] Co-BoUCM
Idioma de catalogación [NR] eng
Convenciones de la descripción [NR] rda
Quien Cataloga Saul Niño
Quien Clasifica Saul Niño
041 0# - CODIGO DE IDIOMA [R]
Código de idioma para texto/pista de sonido o título separado [R] Español
060 10 - SIGNATURA TOPOGRAFICA DE LA BIBLIOTECA NACIONAL DE MEDICINA (NLM) [R]
Número clasificador [R] QU 450
060 10 - SIGNATURA TOPOGRAFICA DE LA BIBLIOTECA NACIONAL DE MEDICINA (NLM) [R]
Número clasificador [R] QH 430
100 1# - ASIENTO PRINCIPAL--NOMBRE PERSONAL [NR]
Nombre personal [NR] Snustad, D. Peter
Término relacionador [R] a
ID Autoridad 92946
245 10 - MENCION DE TITULO [NR]
Título [NR] Principles of genetics
Mención de responsabilidad, etc. [NR] D. Peter Snustad, Michael J. Simmons.
250 ## - MENCION DE EDICION [NR]
Mención de edición [NR] Séptima edición
260 ## - PUBLICACION, DISTRIBUCION, ETC. (PIE DE IMPRENTA) [R]
Lugar de publicación, distribución, etc. [R] New Jersey
Nombre del editor, distribuidor, etc. [R] Wiley
Fecha de publicación, distribución, etc. [R] 2016
300 ## - DESCRIPCION FISICA [R]
Extensión [R] xx, 627 páginas
Otros detalles físicos [NR] ilustraciones
520 ## - NOTA DE RESUMEN, ETC. [R]
Nota de sumario, etc. [NR] "Principles of Genetics is one of the most popular texts in use for the introductory course. It opens a window on the rapidly advancing science of genetics by showing exactly how genetics is done. Throughout, the authors incorporate a human emphasis and highlight the role of geneticists to keep students interested and motivated. The 7th edition has been updated to reflect the latest developments in the field of genetics. Principles of Genetics continues to educate todays students for tomorrows science by focusing on features that aid in content comprehension and application"--Provided by publisher.
546 ## - NOTA DE IDIOMA [R]
Nota de idioma [NR] Texto en inglés
650 #7 - ASIENTO SECUNDARIO DE MATERIA - TERMINO TEMATICO [R]
Término temático o nombre geográfico como elemento de entrada [NR] Genética
9 (RLIN) 207
650 #0 - ASIENTO SECUNDARIO DE MATERIA - TERMINO TEMATICO [R]
9 (RLIN) 86604
Término temático o nombre geográfico como elemento de entrada [NR] Fenómenos genéticos
700 1# - ASIENTO SECUNDARIO - NOMBRE PERSONAL [R]
Nombre personal [NR] Simmons, Michael J.
9 (RLIN) 92945
942 ## - ELEMENTOS DE ENTRADA AGREGADOS (KOHA)
Sistema de clasificación NLM
Tema principal Ciencias puras
Tipo de ítem principal el descrito en 300a Libro de reserva
Edición 7
Clasificación QH 430
Parte restante de la signatura top. S674g
Existencias
Fecha de último préstamo Total préstamos Signatura topográfica Código de barras Última vez visto Volúmen / Fascículo Ejemplar Costo de reposición Price effective from Tipo de ítem Perdido Sistema de clasificación Dañado No prestable Tipo de ítem específico Suprimido Ubicación habitual Ubicación actual Localización Fecha de creación Proveedor Forma de adquisición Costo
04/09/2018 1 QH 430 S674g 100157394 10/12/2025 7a.Ed. Ej.2 348244.00 25/06/2018 Libro   NLM     Libro   Quinta de Mutis Quinta de Mutis 1er piso 25/06/2018 19 Compra 348244.00
13/12/2021 1 QH 430 S674g 100157393 10/12/2025 7a.Ed. Ej.1 348244.00 25/06/2018 Libro   NLM     Libro   Quinta de Mutis Quinta de Mutis 1er piso 25/06/2018 19 Compra 348244.00